000 00435nam a2200181Ia 4500
001 10837
005 20250626030806.0
008 211022s9999 xx 000 0 und d
020 _a1871031354
082 _a297.60 MUS
100 _aMusavi Lari, Sayyid Mujtaba
245 4 _aThe seal of the prophets and his message
260 _aPotomac
260 _bIslamic Education Center
260 _c1989
300 _a195
942 _cBK
999 _c12116
_d12116